| 000 | 00595nam a2200205 a 4500 | ||
|---|---|---|---|
| 005 | 20140310183625.0 | ||
| 008 | 120910s19uu xx 00 eng d | ||
| 020 | _a9780132570114 | ||
| 050 |
_aQA 76.9.D3 _b.K7365 2012 |
||
| 100 | _aKroenke, David | ||
| 245 |
_aDatabase processing : _bfundamentals, design, and implementation / _cDavid M. Kroenke. |
||
| 250 | _a12th ed. | ||
| 260 |
_aBoston, MA : _bPearson, _c2012. |
||
| 300 |
_a640 p. : _bcol. ill. ; _c28 cm. |
||
| 521 | _aIT | ||
| 650 | _aDatabase management | ||
| 700 | _aAuer, David J. | ||
| 942 |
_cBK _2lcc _kFOR |
||
| 999 |
_c25489 _d25489 |
||